5HLuxD.jpg

KING HENRY VIII SENIOR AND PRIMARY SCHOOL LIBRARY OPAC

Dream big and other life lessons from the Enormous Crocodile / (Record no. 4241)

000 -LEADER
fixed length control field 02263cam a2200517 i 4500
001 - CONTROL NUMBER
control field 21090832
005 - DATE AND TIME OF LATEST TRANSACTION
control field 20250203104730.0
008 - FIXED-LENGTH DATA ELEMENTS--GENERAL INFORMATION
fixed length control field 190718t20192019nyua j 000 1 eng d
010 ## - LIBRARY OF CONGRESS CONTROL NUMBER
LC control number 2019286217
020 ## - INTERNATIONAL STANDARD BOOK NUMBER
International Standard Book Number 9781524792091
Qualifying information (hard cover)
020 ## - INTERNATIONAL STANDARD BOOK NUMBER
International Standard Book Number 1524792098
Qualifying information (hard cover)
035 ## - SYSTEM CONTROL NUMBER
System control number (OCoLC)on1060198321
040 ## - CATALOGING SOURCE
Original cataloging agency YDX
Language of cataloging eng
Transcribing agency YDX
Description conventions rda
Modifying agency BDX
-- OCLCQ
-- FLQ
-- JPL
-- TNH
-- IUK
-- BFI
-- OCLCF
-- OCLCO
-- B@L
-- OCLCO
-- CLE
-- DLC
042 ## - AUTHENTICATION CODE
Authentication code lccopycat
050 00 - LIBRARY OF CONGRESS CALL NUMBER
Classification number PZ7.D1515
Item number Dre 2019
082 04 - DEWEY DECIMAL CLASSIFICATION NUMBER
Classification number [E]
100 1# - MAIN ENTRY--PERSONAL NAME
Personal name Dahl, Roald,
Relator term author.
245 10 - TITLE STATEMENT
Title Dream big and other life lessons from the Enormous Crocodile /
Statement of responsibility, etc. Roald Dahl ; illustrated by Quentin Blake.
264 #1 - PRODUCTION, PUBLICATION, DISTRIBUTION, MANUFACTURE, AND COPYRIGHT NOTICE
Place of production, publication, distribution, manufacture New York :
Name of producer, publisher, distributor, manufacturer Grosset & Dunlap, an imprint of Penguin Random House LLC, New York,
Date of production, publication, distribution, manufacture, or copyright notice [2019]
264 #4 - PRODUCTION, PUBLICATION, DISTRIBUTION, MANUFACTURE, AND COPYRIGHT NOTICE
Date of production, publication, distribution, manufacture, or copyright notice ©2019
300 ## - PHYSICAL DESCRIPTION
Extent 1 volume (unpaged) :
Other physical details chiefly color illustrations ;
Dimensions 18 cm
336 ## - CONTENT TYPE
Content type term text
Content type code txt
Source rdacontent
336 ## - CONTENT TYPE
Content type term still image
Content type code sti
Source rdacontent
337 ## - MEDIA TYPE
Media type term unmediated
Media type code n
Source rdamedia
338 ## - CARRIER TYPE
Carrier type term volume
Carrier type code nc
Source rdacarrier
520 ## - SUMMARY, ETC.
Summary, etc. "The Enormous Crocodile has been employing 'secret plans and clever tricks' for years, hoping to one day score his favorite meal: a juicy little child. Finally, he shares his wit and wisdom with the world"--
Assigning source Back cover.
650 #0 - SUBJECT ADDED ENTRY--TOPICAL TERM
Topical term or geographic name entry element Crocodiles
Form subdivision Juvenile fiction.
650 #0 - SUBJECT ADDED ENTRY--TOPICAL TERM
Topical term or geographic name entry element Animals
Form subdivision Juvenile fiction.
650 #1 - SUBJECT ADDED ENTRY--TOPICAL TERM
Topical term or geographic name entry element Crocodiles
Form subdivision Fiction.
650 #1 - SUBJECT ADDED ENTRY--TOPICAL TERM
Topical term or geographic name entry element Humorous stories.
650 #7 - SUBJECT ADDED ENTRY--TOPICAL TERM
Topical term or geographic name entry element Animals.
Source of heading or term fast
Authority record control number or standard number (OCoLC)fst00809468
650 #7 - SUBJECT ADDED ENTRY--TOPICAL TERM
Topical term or geographic name entry element Crocodiles.
Source of heading or term fast
Authority record control number or standard number (OCoLC)fst00883860
650 #7 - SUBJECT ADDED ENTRY--TOPICAL TERM
Topical term or geographic name entry element Life skills.
Source of heading or term fast
Authority record control number or standard number (OCoLC)fst00998359
650 #7 - SUBJECT ADDED ENTRY--TOPICAL TERM
Topical term or geographic name entry element Self-actualization (Psychology)
Source of heading or term fast
Authority record control number or standard number (OCoLC)fst01111481
655 #0 - INDEX TERM--GENRE/FORM
Genre/form data or focus term Picture books for children.
655 #7 - INDEX TERM--GENRE/FORM
Genre/form data or focus term Fiction.
Source of term fast
Authority record control number or standard number (OCoLC)fst01423787
655 #7 - INDEX TERM--GENRE/FORM
Genre/form data or focus term Humorous fiction.
Source of term fast
Authority record control number or standard number (OCoLC)fst01726649
655 #7 - INDEX TERM--GENRE/FORM
Genre/form data or focus term Juvenile works.
Source of term fast
Authority record control number or standard number (OCoLC)fst01411637
655 #7 - INDEX TERM--GENRE/FORM
Genre/form data or focus term Picture books.
Source of term fast
Authority record control number or standard number (OCoLC)fst01726789
655 #7 - INDEX TERM--GENRE/FORM
Genre/form data or focus term Humorous fiction.
Source of term lcgft
655 #7 - INDEX TERM--GENRE/FORM
Genre/form data or focus term Picture books.
Source of term lcgft
700 1# - ADDED ENTRY--PERSONAL NAME
Personal name Blake, Quentin,
Relator term illustrator.
906 ## - LOCAL DATA ELEMENT F, LDF (RLIN)
a 7
b cbc
c copycat
d 2
e ncip
f 20
g y-gencatlg
942 ## - ADDED ENTRY ELEMENTS (KOHA)
Source of classification or shelving scheme
Koha item type Books - Fiction
Classification part 823.914 DAH
Holdings
Withdrawn status Lost status Source of classification or shelving scheme Damaged status Not for loan Collection code Permanent Location Current Location Shelving location Date acquired Total Checkouts Full call number Barcode Date last seen Date last checked out Price effective from Koha item type Public note
          Fiction KH8 Primary School Library KH8 Primary School Library Fiction 2025-02-03 5 823.914 KHPL000005065 2025-12-05 2025-05-02 2025-02-03 Books - Fiction KH8 PRIMARY

Powered By KH8 IT Dept